Países da Europa em ordem alfabética com um mapa - Statistics

Estatísticas Gerais
  • Esse quiz foi jogado 445 vezes
  • A pontuação média é 26 de 45
Respostas no mapa
Respostas codificadas por cores de uma escala verde-vermelha no mapa do quiz de acordo com a % correta abaixo.
 
Estatísticas das Respostas
Country % Correto
Albânia
98%
Alemanha
94%
Andorra
93%
Áustria
87%
Bélgica
86%
Bielorrússia
82%
Bósnia e Herzegovina
81%
Bulgária
81%
Dinamarca
81%
Croácia
80%
Espanha
75%
Eslováquia
74%
Eslovénia
74%
Estônia
73%
Finlândia
73%
França
69%
Grécia
68%
Irlanda
66%
Hungria
63%
Islândia
63%
Itália
60%
Letónia
58%
Kosovo
56%
Liechtenstein
54%
Lituânia
54%
Luxemburgo
49%
Macedónia do Norte
49%
Moldávia
46%
Malta
45%
Mônaco
43%
Montenegro
42%
Noruega
41%
Polônia
40%
Portugal
38%
Países Baixos
37%
Vaticano
36%
Reino Unido
35%
Romênia
34%
Suíça
34%
Ucrânia
34%
Rússia
33%
Suécia
33%
República Checa
32%
Sérvia
31%
San Marino
30%
Nenhum quiz correspondente encontrado
Distribuição das Pontuações
Porcentagem de Pessoas com Cada Pontuação
Percentil de Números Respondidos
Sua Pontuação Histórica
Você não jogou esse quiz